Cities by Stadiums - Statistics

General Stats
  • This quiz has been taken 14 times
  • The average score is 51 of 120
Answer Stats
Picture Answer % Correct
Barcelona
86%
Los Angeles
86%
Madrid
86%
Munich
86%
Buenos Aires
79%
Dallas
79%
Denver
79%
London
79%
Miami
79%
Milan
79%
Naples
79%
Rio de Janeiro
79%
Seattle
79%
Atlanta
71%
Berlin
71%
Dublin
71%
Liverpool
71%
New York City
71%
Paris
71%
Rome
71%
Amsterdam
64%
Beijing
64%
Detroit
64%
Istanbul
64%
Las Vegas
64%
Melbourne
64%
Mexico City
64%
Moscow
64%
Sao Paulo
64%
Sydney
64%
Athens
57%
Hamburg
57%
Houston
57%
Lyon
57%
Marseille
57%
Minneapolis
57%
Phoenix
57%
Brisbane
50%
Glasgow
50%
Lisbon
50%
Stockholm
50%
Warsaw
50%
Adelaide
43%
Auckland
43%
Brasilia
43%
Brussels
43%
Budapest
43%
Cape Town
43%
Doha
43%
Indianapolis
43%
Jakarta
43%
Johannesburg
43%
Montreal
43%
Osaka
43%
Perth
43%
Philadelphia
43%
Santiago
43%
Seoul
43%
Wellington
43%
Addis Ababa
36%
Bilbao
36%
Bordeaux
36%
Cairo
36%
Cardiff
36%
Copenhagen
36%
Delhi
36%
Kolkata
36%
Kyiv
36%
Lima
36%
Montevideo
36%
Saint Petersburg
36%
Singapore
36%
Sochi
36%
Vancouver
36%
Vienna
36%
Alexandria
29%
Algiers
29%
Bangkok
29%
Belgrade
29%
Bogota
29%
Bucharest
29%
Durban
29%
Edmonton
29%
Hong Kong
29%
Kuala Lumpur
29%
Lille
29%
Pyongyang
29%
Shanghai
29%
Shenzhen
29%
Stuttgart
29%
Tehran
29%
Tunis
29%
Casablanca
21%
Charlotte
21%
Chengdu
21%
Dakar
21%
Dar es Salaam
21%
Honolulu
21%
Leipzig
21%
Riyadh
21%
San Antonio
21%
Tel Aviv
21%
Xi'an
21%
Abidjan
14%
Abuja
14%
Ashgabat
14%
Baku
14%
Chongqing
14%
Dalian
14%
Jeddah
14%
Kuwait City
14%
Lusaka
14%
Xiamen
14%
Brazzaville
7%
Donetsk
7%
Guadalajara
7%
Harare
7%
Luanda
7%
Lucknow
7%
Volgograd
7%
No matching quizzes found
Score Distribution
Percent of People with Each Score
Percentile by Number Answered
Your Score History
You have not taken this quiz